000 00898nam a2200241 a 4500
003 CBULib
005 20240815142238.0
008 180925s2017 xx |||||||||||||| || u
020 _a9789211171341
040 _aCBULib
_bEnglish
_cCBULib
_dCBULib
_erda
050 _aUNECE(02)2017/9
245 0 0 _aRegulatory and procedural barriers to trade in the Republic of Moldova, needs assessment
_cby United Nations Economic Commission for Europe [UNECE]
260 _c2017
300 _a194 pages : illustration
336 _2rdacontent
_aText |
337 _2rdamedia
_aUnmediated |
_bn
338 _2rdacarrier
_aVolume
_bnc
650 0 _aFOREIGN TRADE REGULATION--MOLDOVA
_93322
650 0 _aNON-TARIFF BARRIERS--LAWS AND LEGISLATIONS
_93324
650 0 _aNON-TARIFF TRADE BARRIERS
_93325
_bNON-TARIFF TRADE BARRIERS
942 _2mc
_c029
999 _c55966
_d55966